000 00742nam a2200193 i 4500
001 26241
003 ES-MaACL
005 20230906153417.0
007 t|
008 030108s1952 sp ||||1| spa d
100 1 _aAssmann, Herbert.
_923658
245 1 0 _aDiagnóstico roentgenológico de las enfermedades internas /
_cpor Herbert Assmann ; traducción de la sexta edición alemana por José M. Plá Janini... ; revisada por Vicente Casulla Riera...
250 _a2ª ed.
260 _aBarcelona, etc :
_bLabor,
_c1952 (
_fTalls. Gráfs. Iberoamericanos)
300 _a2 t., 15 lám. :
_bil. ;
_c26 cm.
700 1 _aPla Janini, José María.
_992495
700 1 _aCasulla Riera, Vicente.
_936998
852 _aES-MaACL
_jD-7318-19
_bR.32371
999 _c26241
_d26241